LEADER 01073nam a2200241 i 4500 001 000000077254 003 CaOOAMICUS 005 20250708150024.0 008 050302s2000 it u000 u ita u 013 $a48426 020 $a88-02-05729-X 040 $aSeMil$bita 100 1 $aLeibniz, Gottfried Wilhelm,$d<1646-1716>.$0(OLS)http://semarc/name/3338 245 10$a3: Saggi di teodicea ; Ultimi scritti /$cdi Gottfried Wilhelm Leibniz. 300 $a573 p., [6] carte di tav. :$bill. ;$c24 cm 490 0 $aClassici della filosofia 773 0 $aLeibniz, Gottfried Wilhelm <1646-1716>$tScritti filosofici.$dTorino : Unione Tipografico-Editrice Torinese, 2000.$kClassici della filosofia $g3$w()6397 830 0$aClassici della filosofia .$0(OLS)http://semarc/title/454429 850 $aSeMil 852 $aSeMil$W1$xVenegono$y1$m2LA C 38$j259307$B43406$CSeMilBibl$Z2$F43343 $81 996 $6020$a88-02-05729-X$9(OLS)http://semarc/number/58809 996 $6245$a3: Saggi di teodicea ; Ultimi scritti$9(OLS)http://semarc/title/125423 LEADER 01350nam a2200229 i 4500 001 000000246953 003 CaOOAMICUS 005 20230417080127.0 008 151201s1887 it u000 u ita u 040 $aSeMil$bita 100 1 $aAlimonda, Gaetano .$0(OLS)http://semarc/name/2717 245 10$aSanta Caterina Fieschi Adorno :$bper le feste del suo terzo cinquantesimo celebrato in Genova il maggio del 1887 : Omelia del cardinale Gaetano Alimonda arcivescovo di Torino. 260 $aTorino :$bTipografia salesiana,$c1887. 300 $a56 p. ;$c28 cm. 600 04$aCaterina : da Genova .$0(OLS)http://semarc/subject/52161 650 4$aAlimonda, Gaetano - Scritti, discorsi, omelie, lettere pastorali, etc.$0(OLS)http://semarc/subject/5251 773 0 $aAlimonda, Gaetano $t[Alimonda.$w()13028 850 $aSeMil 852 $aSeMil$W1$xVenegono$y1$m3J VII 7/4 FA$j197299$B197299$CSeMilBibl$Z2$F208347 $8I 996 $6245$aSanta Caterina Fieschi Adorno :$bper le feste del suo terzo cinquantesimo celebrato in Genova il maggio del 1887 : Omelia del cardinale Gaetano Alimonda arcivescovo di Torino$9(OLS)http://semarc/title/348856 996 $6260$aTorino :$bTipografia salesiana$9(OLS)http://semarc/publisher/37035